Marvel & DC Games - Statistics

General Stats
  • This quiz has been taken 20 times
  • The average score is 13 of 61
Answer Stats
Game Year Released % Correct
Spider-Man 2002
94%
The Amazing Spider-Man 2012
94%
Spider-Man 2 2004
76%
Spider-Man 3 2007
53%
Batman: Arkham Asylum 2009
47%
Batman: Arkham Knight 2015
47%
Batman: Arkham City 2011
41%
Marvel Rivals 2024
41%
Marvel's Spider-Man 2018
41%
Marvel's Spider-Man 2 2023
41%
Deadpool 2013
35%
Iron Man 2008
35%
The Amazing Spider-Man 2 2014
35%
Batman: Arkham Origins 2013
29%
Iron Man 2 2010
29%
Lego Marvel Super Heroes 2013
29%
Marvel's Avengers 2020
29%
Fantastic Four 2005
24%
Gotham Knights 2022
24%
Hulk 2003
24%
Lego Batman: The VIdeogame 2008
24%
Lego Marvel Super Heroes 2 2017
24%
Marvel: Ultimate Alliance 2006
24%
Marvel: Ultimate Alliance 2 2009
24%
Spider-Man: Miles Morales 2020
24%
Suicide Squad: Kill the Justice League 2024
24%
The Incredible Hulk 2008
24%
X-Men Origins: Wolverine 2009
24%
Injustice 2 2017
18%
Injustice: Gods Among Us 2013
18%
Lego Batman 2: DC Super Heroes 2012
18%
Lego Batman 3: Beyond Gotham 2014
18%
Batman: Arkham Shadow 2024
12%
Fantastic Four: Rise of the Silver Surfer 2007
12%
Lego Marvel's Avengers 2016
12%
Marvel's Guardians of the Galaxy 2021
12%
Spider-Man: Web of Shadows 2008
12%
Batman: Arkham VR 2016
6%
Batman: The Enemy Within 2017
6%
Batman: The Telltale Series 2016
6%
Guardians of the Galaxy: The Telltale Series 2017
6%
Lego DC Super-Villains 2018
6%
Spider-Man: Edge of Time 2011
6%
Spider-Man: Friend or Foe 2007
6%
Spider-Man: Shattered Dimensions 2010
6%
Superman Returns 2006
6%
X-Men: Destiny 2011
6%
X-Men Legends 2004
6%
Batman: Vengeance 2001
0%
Captain America: Super Soldier 2011
0%
Catwoman: The Game 2004
0%
Green Lantern: Rise of the Manhunters 2011
0%
Justice League Heroes 2006
0%
Lego Batman: Legacy of the Dark Knight 2026
0%
Marvel Nemesis: Rise of the Imperfects 2005
0%
Marvel vs. Capcom 2: New Age of Heroes 2000
0%
The Incredible Hulk: Ultimate Destruction 2005
0%
Thor: God of Thunder 2011
0%
Ultimate Spider-Man 2005
0%
X-Men Legends II: Rise of Apocalypse 2005
0%
X-Men: The Official Game 2006
0%
No matching quizzes found
Score Distribution
Percent of People with Each Score
Percentile by Number Answered
Your Score History
You have not taken this quiz